Musei italiani più visitati - Statistics

Statistiche generali
  • Questo quiz è stato fatto 324 volte
  • Il punteggio medio è 5 su 10
Statistiche sulle risposte
# Visitatori Provincia Museo % Corretto
3 2.010.631 Firenze Galleria degli Uffizi
93%
7 881.463 Torino Museo Egizio di Torino
77%
9 683.070 Caserta Reggia di Caserta
74%
1 6.408.852 Roma Colosseo e Foro Romano
56%
2 3.283.740 Napoli Scavi di Pompei
39%
8 852.095 Firenze Circuito Museale Boboli e Argenti di Firenze
33%
10 527.937 Roma Galleria Borghese
28%
4 1.461.185 Firenze Galleria dell'Accademia
25%
6 1.012.033 Torino Venaria Reale
21%
5 1.243.443 Roma Castel Sant'Angelo
15%
Nessun quiz corrispondente trovato
Distribuzione punteggi
Percentuale di utenti per punteggio
Percentile per numero di risposta
I tuoi punteggi nel tempo
Non hai fatto questo quiz